| 000 | 00609nam a2200229Ia 4500 | ||
|---|---|---|---|
| 003 | OSt | ||
| 005 | 20220925214911.0 | ||
| 006 | a|||||r|||| 00| 0 | ||
| 007 | ta | ||
| 008 | 220923b |||||||| |||| 00| 0 eng d | ||
| 037 | _cGeneral Book | ||
| 040 |
_aRTL _cRTL _beng |
||
| 041 |
_2eng _aeng |
||
| 082 | _aX, G4.1/SC | ||
| 100 | _aWICKSELL Knut | ||
| 245 | 0 | _aLectures on political economy. | |
| 260 |
_aLondon _bGeorge Roultledge & Sons Ltd. _c1934 |
||
| 300 |
_axxiii,299p. _ccm. |
||
| 490 | _vVol. 1 | ||
| 942 |
_hX, G4.1/SC _cGB _2CC |
||
| 999 |
_c567119 _d567119 |
||